Análisis macroecónomico / (Record no. 143918)

MARC details
000 -LEADER
campo de control de longitud fija 00757nam a2200217 4500
001 - NÚMERO DE CONTROL
campo de control 143918
003 - IDENTIFICADOR DE NÚMERO DE CONTROL
campo de control ES-MaACL
005 - FECHA Y HORA DE LA ÚLTIMA TRANSACCIÓN
campo de control 20230906200915.0
007 - CAMPO FIJO DE DESCRIPCIÓN FÍSICA--INFORMACIÓN GENERAL
campo de control de longitud fija t|
008 - DATOS DE LONGITUD FIJA--INFORMACIÓN GENERAL
campo de control de longitud fija 070214s1972 sp r ||||1| spa d
100 1# - ENTRADA PRINCIPAL--NOMBRE DE PERSONA
Nombre de persona Shapiro, Edward.
9 (RLIN) 106004
245 10 - MENCIÓN DEL TÍTULO
Título Análisis macroecónomico /
Mención de responsabilidad, etc. Edward Shapiro ; versión española, Luis García de Diego ; prólogo, Emilio de Figueroa Martínez.
260 ## - PUBLICACIÓN, DISTRIBUCIÓN, ETC.
Lugar de publicación, distribución, etc. Madrid :
Nombre del editor, distribuidor, etc. ICE,
Fecha de publicación, distribución, etc. 1972 (
Fabricante P. López)
300 ## - DESCRIPCIÓN FÍSICA
Extensión XVII, 694 p. ;
Dimensiones 24 cm.
490 1# - MENCIÓN DE SERIE
Mención de serie Selecciones de Economía. Serie Plata
700 1# - ENTRADA AGREGADA--NOMBRE PERSONAL
Nombre de persona García de Diego, Luis.
9 (RLIN) 54420
700 1# - ENTRADA AGREGADA--NOMBRE PERSONAL
Nombre de persona Figueroa, Emilio de.
9 (RLIN) 50780
830 0# - PUNTO DE ACCESO ADICIONAL DE SERIE-TÍTULO UNIFORME
Título uniforme Selecciones de Economía. Serie Plata
9 (RLIN) 187315
852 ## - LOCALIZACIÓN
Ubicación ES-MaACL
Número de control de estantería C-48740
Sublocalización o colección R.84476
Holdings
Estatus retirado Estado de pérdida Estado de daño No para préstamo Biblioteca de origen Biblioteca actual Ubicación en estantería Fecha de adquisición Fuente de adquisición Total de préstamos Signatura topográfica completa Código de barras Visto por última vez Precio de reemplazo Tipo de ítem Koha
        Biblioteca del Ateneo de Madrid Biblioteca del Ateneo de Madrid Depósito 2 17/01/2008     C-48740 1149734 23/02/2023 23/02/2023 Libro impreso